000 00308nam a22001217a 4500
082 _a500
_bREL/R
100 _aRELIABLE
245 _aRELIABLE QUESTION BANK SCIENCE (SOLVED)
_bCLASS X
260 _aDELHI
_bRELIABLE ENTERPRISES
300 _a258
650 _aSCIENCE QUESTION BANK FOR CLASS X
_zINDIA
942 _cBK
999 _c807
_d807